000 00682nam a2200193 a 4500
001 BRCA_110
005 20190320202901.0
008 920121s1990 mx-#---##b---s000-0#spa-#
040 _aDLC
_cDLC
_dDLC
050 4 _aBX4220.M4
_b.S24 1990
100 1 _aSalazar de Garza, Nuria
_9428
245 1 0 _aLa vida común en los conventos de monjas de la ciudad de Puebla
_cNuria Salazar de Garza.
260 _aPuebla
_bGobierno del Estado de Puebla : Secretaría de Cultura
_c1990
300 _a156 p.
_c21 cm.
440 0 _aBibliotheca angelopolitana
_v5
_9429
650 1 4 _aOrdenes religiosas de mujeres
_zMéxico
_9430
651 4 _aPuebla (México)
_xHistoria de la Iglesia
_9431
942 _2lcc
_cB
999 _c95
_d95